[Event "Veliko Gradiste Silver Lake op-A"]
[Site "Veliko Gradiste"]
[Date "2022.06.23"]
[Round "6"]
[White "Divitt, Arora"]
[Black "Kandjolas, Konstantin"]
[Result "1-0"]
[WhiteElo "1694"]
[BlackElo "2031"]
[PlyCount "43"]
[EventDate "2022.06.19"]
[EventType "swiss"]
[EventRounds "9"]
[EventCountry "SRB"]
[SourceTitle "CBM 209 Extra"]
[Source "ChessBase"]
[SourceDate "2022.09.30"]
[SourceVersion "1"]
[SourceVersionDate "2022.09.30"]
[SourceQuality "1"]

1. e4 c5 2. Nc3 d6 3. f4 Nc6 4. Nf3 g6 5. Bb5 Bd7 6. 0-0 Bg7 7. d3 Nf6 8. Kh1 0-0 9. Bxc6 Bxc6 10. Qe1 b5 11. Qh4 Nd7 12. f5 Ne5 13. Ng5 h6 14. Nh3 e6 15. f6 Nd7 16. Bg5 Bh8 17. Qxh6 Ne5 18. Rf4 Re8 19. Rh4 Bxf6 20. Rf1 Ng4 21. Qh7+ Kf8 22. Rxg4 1-0

[Event "Novi Sad Put Svile Schev 3rd"]
[Site "Novi Sad"]
[Date "2021.08.02"]
[Round "1.1"]
[White "Sijakov, Neven"]
[Black "Divitt, Arora"]
[Result "0-1"]
[WhiteElo "1428"]
[BlackElo "1699"]
[PlyCount "102"]
[EventDate "2021.08.01"]
[EventType "schev"]
[EventRounds "9"]
[EventCountry "SRB"]
[SourceTitle "EXT 2022"]
[Source "ChessBase"]
[SourceDate "2021.10.06"]
[SourceVersion "1"]
[SourceVersionDate "2021.10.06"]
[SourceQuality "1"]
[WhiteTeam "Team A"]
[BlackTeam "Team B"]
[WhiteTeamCountry "SRB"]
[BlackTeamCountry "SRB"]

1. e4 e5 2. Nf3 Nc6 3. d4 exd4 4. Nxd4 Nf6 5. Nxc6 bxc6 6. Bd3 Bb4+ 7. Bd2 Bxd2+ 8. Qxd2 0-0 9. 0-0 Re8 10. Nc3 d5 11. exd5 cxd5 12. Rfe1 Be6 13. h3 Qd7 14. Kh2 Rad8 15. Rad1 h6 16. Qf4 Nh5 17. Qf3 Qd6+ 18. g3 Nf6 19. a3 Nd7 20. Qe2 Nc5 21. b4 Nd7 22. f4 Nf6 23. Qd2 c5 24. Na4 Bxh3 25. Rxe8+ Rxe8 26. Kxh3 Qd7+ 27. Kg2 Qxa4 28. bxc5 Qxa3 29. Qf2 Qb4 30. Be2 Qc3 31. Bb5 Re6 32. Bd3 Ng4 33. Rb1 Re8 34. Qf3 Qd2+ 35. Kh3 Nf2+ 36. Kh4 g6 37. Qxd5 Nxd3 38. cxd3 Qh2+ 39. Kg4 h5+ 40. Kg5 Qxg3+ 41. Kh6 Qxf4+ 42. Qg5 Qd4 43. Qg1 Qg7+ 44. Kg5 Qe5+ 45. Kh4 Qf4+ 46. Kh3 Re2 47. Rb4 Qf3+ 48. Kh4 Kh7 49. Ra4 Rg2 50. Qxg2 Qxg2 51. c6 Kh6 0-1

[Event "Novi Sad Putnik Schev"]
[Site "Novi Sad"]
[Date "2021.07.22"]
[Round "6"]
[White "Divitt, Arora"]
[Black "Sijakov, Neven"]
[Result "1-0"]
[WhiteElo "1629"]
[BlackElo "1451"]
[PlyCount "59"]
[EventDate "2021.07.18"]
[EventType "schev"]
[EventRounds "7"]
[EventCountry "SRB"]
[SourceTitle "EXT 2022"]
[Source "ChessBase"]
[SourceDate "2021.10.06"]
[SourceVersion "1"]
[SourceVersionDate "2021.10.06"]
[SourceQuality "1"]
[WhiteTeam "Theam B"]
[BlackTeam "Theam A"]
[WhiteTeamCountry "SRB"]
[BlackTeamCountry "SRB"]

1. e4 e5 2. Nf3 d6 3. d4 exd4 4. Nxd4 Nf6 5. Nc3 c6 6. Be2 Be7 7. Be3 0-0 8. 0-0 Bd7 9. f4 c5 10. Nb3 Nc6 11. Bf3 Be6 12. h3 Bc4 13. Re1 Qd7 14. Qd2 Rfd8 15. Rad1 b5 16. e5 Ne8 17. exd6 Bh4 18. Nxc5 Bxe1 19. Qxe1 Qc8 20. d7 Qc7 21. dxe8R+ Rxe8 22. Rd7 Qc8 23. N3e4 Qb8 24. Nd6 Qb6 25. Qc3 Re7 26. Rxe7 Nxe7 27. Ne6 Qxe3+ 28. Qxe3 Rb8 29. Nxc4 bxc4 30. Qxa7 1-0

[Event "Sitges Sunway online op"]
[Site "Chess.com INT"]
[Date "2020.04.27"]
[Round "9"]
[White "Divitt, Arora"]
[Black "Jorajuria Mendoza, Algol"]
[Result "0-1"]
[WhiteElo "1629"]
[BlackElo "1693"]
[PlyCount "88"]
[EventDate "2020.04.19"]
[EventType "swiss"]
[EventRounds "9"]
[EventCountry "ESP"]
[SourceTitle "EXT 2021"]
[Source "ChessBase"]
[SourceDate "2020.10.23"]
[SourceVersion "1"]
[SourceVersionDate "2020.10.23"]
[SourceQuality "1"]

1. e4 c5 2. Nf3 Nc6 3. d4 cxd4 4. Nxd4 Nf6 5. Nc3 e5 6. Ndb5 d6 7. Bg5 a6 8. Na3 b5 9. Nd5 Be7 10. Bxf6 Bxf6 11. Bd3 0-0 12. h4 g6 13. Qd2 Kg7 14. 0-0-0 Be6 15. Be2 Nd4 16. c3 Bxd5 17. exd5 b4 18. cxb4 Bxh4 19. Kb1 Bg5 20. Qd3 Rb8 21. Nc2 Nxc2 22. Qxc2 Rxb4 23. Bxa6 Qa5 24. Bd3 Ra8 25. b3 e4 26. Be2 Bf6 27. Rh3 Rd4 28. Rxd4 Bxd4 29. f3 Qe1+ 30. Qd1 Qc3 31. Qxd4+ Qxd4 32. fxe4 Qxe4+ 33. Bd3 Qxg2 34. Rh4 Re8 35. Be4 Rxe4 36. Rxe4 Qxe4+ 37. Kb2 h5 38. a4 h4 39. a5 h3 40. a6 h2 41. a7 Qe2+ 42. Kc3 h1Q 43. a8Q Qhe1+ 44. Kd4 Q1d2# 0-1

[Event "El Prat de Llobregat op-B 1st"]
[Site "El Prat de Llobregat"]
[Date "2019.12.03"]
[Round "1"]
[White "Fabregas Fontanet, Antonio"]
[Black "Divitt, Arora"]
[Result "1-0"]
[WhiteElo "1921"]
[BlackElo "1616"]
[PlyCount "125"]
[EventDate "2019.12.03"]
[EventType "swiss"]
[EventRounds "9"]
[EventCountry "ESP"]
[SourceTitle "CBM 193 Extra"]
[Source "ChessBase"]
[SourceDate "2020.01.31"]
[SourceVersion "1"]
[SourceVersionDate "2020.01.31"]
[SourceQuality "1"]

1. e4 e5 2. Nf3 Nc6 3. Bb5 a6 4. Ba4 Nf6 5. 0-0 Be7 6. Re1 b5 7. Bb3 d6 8. c3 0-0 9. h3 Na5 10. Bc2 c5 11. d4 Qc7 12. Nbd2 Nc6 13. d5 Nd8 14. Nf1 Ne8 15. Ng3 g6 16. Bh6 Ng7 17. Qd2 f6 18. a4 Rb8 19. axb5 axb5 20. b4 Nf7 21. Bxg7 Kxg7 22. Ra5 Bd7 23. Rea1 Rfc8 24. Bd3 c4 25. Bc2 Qd8 26. Qc1 Ra8 27. Qa3 Rxa5 28. Qxa5 Qe8 29. Nd2 Bd8 30. Qa7 Rc7 31. Qe3 Rb7 32. Ra6 Bc7 33. Bd1 Qb8 34. Bg4 Bxg4 35. hxg4 Bb6 36. Qe1 Ra7 37. Qa1 Qb7 38. Rxa7 Qxa7 39. Qxa7 Bxa7 40. Kf1 Nh6 41. f3 Nf7 42. Nb1 Kf8 43. Na3 Ke7 44. Nxb5 Be3 45. Na3 Bd2 46. Ne2 Be3 47. Nxc4 Ba7 48. Na5 Kd7 49. c4 Nh6 50. Nc6 Bb6 51. Nc3 Ng8 52. Na4 Be3 53. Ke2 Bg1 54. Kd3 Ne7 55. b5 Nxc6 56. dxc6+ Kc7 57. c5 dxc5 58. Kc4 Kd6 59. Nc3 Be3 60. Nd5 Bg5 61. c7 Kd7 62. b6 Kc8 63. Ne7+ 1-0